Marcatori della Juventus in UEFA Europa League 2009-2010 - Statistics

Statistiche generali
  • Questo quiz è stato fatto 9 volte
  • Il punteggio medio è 4 su 6
Statistiche sulle risposte
Partita Minuto Marcatore % Corretto
Juventus - Fulham 3-1 43 David Trezeguet
100%
Fulham - Juventus 4-1 2 David Trezeguet
100%
Ajax - Juventus 1-2 31 Amauri
78%
Ajax - Juventus 1-2 58 Amauri
78%
Juventus - Fulham 3-1 25 Jonathan Zebina
33%
Juventus - Fulham 3-1 9 Nicola Legrottaglie
33%
Nessun quiz corrispondente trovato
Distribuzione punteggi
Percentuale di utenti per punteggio
Percentile per numero di risposta
I tuoi punteggi nel tempo
Non hai fatto questo quiz